000 00324 a2200157 4500
001 168024
020 _a
040 _cMagnum
100 _aDokey, Cameron
240 1 0 _aJuntos para sempre
_lpor
245 1 0 _aJuntos para sempre
362 0 _a1899
440 1 _aÁtica
697 _aJ/ADOLESCENTE, NAMORO
942 _cBK
999 _c168024
_d168024